LIBRARY & INFORMATION CENTRE, KCAET, TAVANUR

ONLINE PUBLIC ACCESS CATALOGUE (OPAC)

Clogging effects of drip emitter with fresh water and muddy water (Record no. 15149)

MARC details
000 -LEADER
fixed length control field 00692nam a22001937a 4500
003 - CONTROL NUMBER IDENTIFIER
control field OSt
088 ## - REPORT NUMBER
Report number P 243
100 ## - MAIN ENTRY--AUTHOR NAME
Personal name ANITHA KRISHNAN V. C
245 ## - TITLE STATEMENT
Title Clogging effects of drip emitter with fresh water and muddy water
260 ## - PUBLICATION, DISTRIBUTION, ETC. (IMPRINT)
Place of publication Tavanur 2012
Name of publisher Department of Irrigation and Drainage Engineering
300 ## - PHYSICAL DESCRIPTION
Number of Pages 58
500 ## - GENERAL NOTE
General note Clogging effects of drip emitter with fresh water and muddy water
520 ## - SUMMARY, ETC.
Summary, etc Clogging effects of drip emitter with fresh water and muddy water
700 ## - ADDED ENTRY--PERSONAL NAME
Personal name Sajina V. S
700 ## - ADDED ENTRY--PERSONAL NAME
Personal name Er. Sajeena S (Guide)
856 ## - ELECTRONIC LOCATION AND ACCESS
Uniform Resource Identifier https://drive.google.com/open?id=1PKDyNhfn-bG_YiA3P1jvVRHW-OqdMx2Z
942 ## - ADDED ENTRY ELEMENTS (KOHA)
Koha item type Project Report
Holdings
Collection code Home library Current library Shelving location Full call number Accession Number Koha item type
Reference KAUAET KAUAET Reference 631.587 ANI/CL P 243 Project Report
free website counter